00935cam a22002897a 45000010009000000050017000090080041000260100017000670150015000840200015000990350023001140400038001370410008001750420008001830700021001910720009002120800018002210820022002391000007002611010008002682450112002765040066003889060045004549420012004999990017005119520117005281301624320180226044404.0021129s2000 enkab b 001 0 eng d a 2002726945 aGBA0-Y0894 a1853836990 a(OCoLC)ocm43969026 aUKMcUKMdC#PdAGLdWAUdKUTdDLC aeng apcc0 aGE140b.R66 2000 0aP000 a333.95137 WOO04a333.95137 WOO221 a11 aBIO04aThe root causes of biodiversity loss /cedited by Alexander Wood, Pamela Stedman-Edwards, and Johanna Mang. aIncludes bibliographical references (p. [378]-389) and index. a7bcbcccopycatd2encipf20gy-gencatlg 2ddccBK c43430d43430 00102udc40708PËKGa002b002cPËKGd2018-02-26l0o333.95137 WOOp002-2999499r2018-02-26w2018-02-26yBK